Flor de banana : (Record no. 17621)
[ view plain ]
| 000 -CABECERA | |
|---|---|
| campo de control de longitud fija | 00752cam a2200217 a 4500 |
| 001 - NÚMERO DE CONTROL | |
| campo de control | 000018099 |
| 005 - FECHA Y HORA DE LA ÚLTIMA TRANSACCIÓN | |
| campo de control | 20200929165344.0 |
| 008 - DATOS DE LONGITUD FIJA--INFORMACIÓN GENERAL | |
| campo de control de longitud fija | 830415s1970 pn f001 f spa d |
| 040 ## - FUENTE DE LA CATALOGACIÓN | |
| Centro catalogador/agencia de origen | DO-SdBNP |
| Lengua de catalogación | spa |
| Centro/agencia transcriptor | DLC |
| Centro/agencia modificador | BNPHU |
| 082 ## - NÚMERO DE LA CLASIFICACIÓN DECIMAL DEWEY | |
| Número de clasificación | P863.44 |
| Número de documento/Ítem | B428f |
| 049 ## - FONDOS LOCALES (OCLC) | |
| Fondos de biblioteca | BNGR |
| 100 1# - ENTRADA PRINCIPAL--NOMBRE DE PERSONA | |
| Nombre de persona | Beleño C., Joaquín, |
| Fechas asociadas al nombre | 1922-1988 |
| 9 (RLIN) | 39237 |
| 245 10 - MENCIÓN DE TÍTULO | |
| Título | Flor de banana : |
| Resto del título | novela / |
| Mención de responsabilidad, etc. | Joaquín Beleño C. |
| 260 ## - PUBLICACIÓN, DISTRIBUCIÓN, ETC. | |
| Lugar de publicación, distribución, etc. | Panamá : |
| Nombre del editor, distribuidor, etc. | Dirección de Cultura del Ministerio de Educación, |
| Fecha de publicación, distribución, etc. | 1970. |
| 300 ## - DESCRIPCIÓN FÍSICA | |
| Extensión | 248 p. ; |
| Dimensiones | 17 cm. |
| 500 ## - NOTA GENERAL | |
| Nota general | Título de la cubierta: Flor de banana (Noche de fruta). |
| 586 ## - NOTA DE PREMIOS | |
| Nota de premios | Primer premio concurso Ricardo Miró, 1965 |
| 650 #4 - PUNTO DE ACCESO ADICIONAL DE MATERIA--TÉRMINO DE MATERIA | |
| Término de materia o nombre geográfico como elemento de entrada | Novela panameña |
| 9 (RLIN) | 21757 |
| 650 #4 - PUNTO DE ACCESO ADICIONAL DE MATERIA--TÉRMINO DE MATERIA | |
| Término de materia o nombre geográfico como elemento de entrada | Literatura panameña |
| 9 (RLIN) | 4261 |
| 910 ## - DATOS DE OPCIÓN DEL USUARIO (OCLC) | |
| Datos de opción del usuario | Catalogación por copia / LC |
| Estado de retiro | Estado de pérdida | Restricciones de uso | No para préstamo | Código de colección | Localización permanente | Ubicación/localización actual | Ubicación en estantería | Fecha de adquisición | Número de inventario | Total de préstamos | Signatura topográfica completa | Código de barras | Fecha visto por última vez | Precio válido a partir de | Tipo de ítem Koha |
|---|---|---|---|---|---|---|---|---|---|---|---|---|---|---|---|
| Monografías: Libros y Folletos | General | General | En catalogación | 14.04.2010 | LF1 | P863.44 B428f | 18099-10 | 25.06.2020 | 25.06.2020 | Préstamo en sala |
